Loading...
Philosophy | 0 | 9 | 0 | 2 | 90 | 67 | 96.78 | 4 | 9 |
Literature - British Literature | 0 | 5 | 0 | 0 | 50 | 82 | 119.20 | 1 | 4 |
Literature - American Literature | 0 | 3 | 0 | 0 | 30 | 38 | 63.00 | 2 | 3 |
Religion | 0 | 2 | 0 | 0 | 20 | 75 | 95.00 | 1 | 1 |
Fine Arts - Other Fine Arts | 0 | 2 | 0 | 0 | 20 | 68 | 93.50 | 1 | 2 |
Literature - World Literature | 0 | 2 | 0 | 0 | 20 | 78 | 79.00 | 1 | 1 |
Literature - European Literature | 0 | 2 | 0 | 0 | 20 | 79 | 101.50 | 1 | 1 |
Current Events | 0 | 1 | 0 | 0 | 10 | 76 | 76.00 | 0 | 1 |
Science - Other Science | 0 | 1 | 0 | 0 | 10 | 143 | 143.00 | 0 | 0 |
Fine Arts - Classical Music | 0 | 1 | 1 | 0 | 5 | 124 | 124.00 | 0 | 1 |
Social Science | 0 | 1 | 1 | 0 | 5 | 86 | 86.00 | 0 | 1 |
History - World History | 0 | 0 | 1 | 0 | -5 | 0.00 | 0 | 0 |